Organizational behavior (Record no. 10672)
[ view plain ]
| 000 -LEADER | |
|---|---|
| fixed length control field | 00712 a2200205 4500 |
| 020 ## - INTERNATIONAL STANDARD BOOK NUMBER | |
| International Standard Book Number | 9780470294413 |
| 020 ## - INTERNATIONAL STANDARD BOOK NUMBER | |
| International Standard Book Number | 9780470553114 (pbk.) |
| 020 ## - INTERNATIONAL STANDARD BOOK NUMBER | |
| International Standard Book Number | 0470553111 (pbk.) |
| 040 ## - CATALOGING SOURCE | |
| Original cataloging agency | DLC |
| Language of cataloging | DLC |
| 245 00 - TITLE STATEMENT | |
| Title | Organizational behavior |
| Statement of responsibility, etc. | John R. Schermerhorn |
| 250 ## - EDITION STATEMENT | |
| Edition statement | 11th ed., International student version. |
| 260 ## - PUBLICATION, DISTRIBUTION, ETC. | |
| Place of publication, distribution, etc. | Hoboken, N.J. : |
| Name of publisher, distributor, etc. | Wiley, |
| Date of publication, distribution, etc. | c2011. |
| 300 ## - PHYSICAL DESCRIPTION | |
| Extent | xxiii, 438, [206] p. : |
| Other physical details | col. ill. ; |
| Dimensions | 26 cm. |
| 500 ## - GENERAL NOTE | |
| General note | Previous eds. entered under Schermerhorn. |
| 500 ## - GENERAL NOTE | |
| General note | Includes The OB skills workbook; featuring the Jossey-Bass/Pfeiffer classroom collection. |
| 650 #0 - SUBJECT ADDED ENTRY--TOPICAL TERM | |
| Topical term or geographic name entry element | Organizational behavior. |
| 650 #0 - SUBJECT ADDED ENTRY--TOPICAL TERM | |
| Topical term or geographic name entry element | Management. |
| 700 1# - ADDED ENTRY--PERSONAL NAME | |
| Personal name | Schermerhorn, John R. |
| 942 ## - ADDED ENTRY ELEMENTS (KOHA) | |
| Koha item type | Book |
| Call number prefix | 658.3 SCH |
| Source of classification or shelving scheme | |
| Withdrawn status | Lost status | Damaged status | Not for loan | Collection code | Permanent Location | Current Location | Shelving location | Date acquired | Source of acquisition | Cost, normal purchase price | Total Checkouts | Total Renewals | Full call number | Barcode | Date last seen | Date last checked out | Price effective from | Koha item type |
|---|---|---|---|---|---|---|---|---|---|---|---|---|---|---|---|---|---|---|
| Central Library (CL) | Central Library (CL) | General Stacks | 12/23/2011 | Multi-Line Books | 3254.12 | 1 | 1 | 658.3 SCH | SEECS010871 | 11/30/2021 | 10/04/2021 | 01/05/2017 | Book | |||||
| Central Library (CL) | Central Library (CL) | General Stacks | 12/23/2011 | Multi-Line Books | 3254.12 | 658.3 SCH | SEECS010872 | 11/14/2012 | 01/05/2017 | Book | ||||||||
| Central Library (CL) | Central Library (CL) | General Stacks | 12/23/2011 | Multi-Line Books | 3254.12 | 2 | 2 | 658.3 SCH | SEECS010873 | 03/18/2019 | 01/28/2019 | 01/05/2017 | Book |
